Central Library OPAC University of Rajshahi

The morphology of pteridophytes : (Record no. 74979)

MARC details
000 -LEADER
fixed length control field 00991cam a22003132 4500
001 - CONTROL NUMBER
control field 74979
003 - CONTROL NUMBER IDENTIFIER
rucl marc code BD-RjUL
005 - DATE AND TIME OF LATEST TRANSACTION
control field 20211209082629.0
008 - FIXED-LENGTH DATA ELEMENTS--GENERAL INFORMATION
fixed length control field 720606s1966 xx 000 0 eng c
035 ## - SYSTEM CONTROL NUMBER
System control number (BD-RjUL)75197
040 ## - CATALOGING SOURCE
Original cataloging agency OUN
Transcribing agency OUN
Modifying agency UKM
-- EQO
Language of cataloging eng
041 ## - LANGUAGE CODE
Language code of text/sound track or separate title eng
082 ## - DEWEY DECIMAL CLASSIFICATION NUMBER
Classification number 587
Edition number 23
Author mark and year SPM 1968
100 1# - MAIN ENTRY--PERSONAL NAME
Personal name Sporne, K. R.
9 (RLIN) 226586
245 14 - TITLE STATEMENT
Title The morphology of pteridophytes :
Remainder of title the structure of ferns and allied plants /
Statement of responsibility, etc. [by] K. R. Sporne.
250 ## - EDITION STATEMENT
Edition statement 2nd ed.
260 ## - PUBLICATION, DISTRIBUTION, ETC. (IMPRINT)
Place of publication, distribution, etc. London :
Name of publisher, distributor, etc. Hutchinson,
Date of publication, distribution, etc. 1966.
300 ## - PHYSICAL DESCRIPTION
Pagination 190 p.
Illustrations illus., tables, diagrs.
Size 21 cm.
490 1# - SERIES STATEMENT
Series statement Hutchinson university library. Biological sciences
504 ## - BIBLIOGRAPHY, ETC. NOTE
Bibliography, etc Bibliography: p. 183-188.
650 #0 - SUBJECT ADDED ENTRY--TOPICAL TERM
Topical term or geographic name as entry element Pteridophyta.
9 (RLIN) 226587
Topical term or geographic name as entry element Plant morphology.
9 (RLIN) 226588
830 #0 - SERIES ADDED ENTRY--UNIFORM TITLE
Uniform title Hutchinson university library.
942 ## - ADDED ENTRY ELEMENTS (KOHA)
Source of classification or shelving scheme Dewey Decimal Classification
Koha item type Books
Holdings
Lost status Source of classification or shelving scheme Damaged status Not for loan Collection code Permanent Location Current Location Shelving location Date acquired Total Checkouts Full call number Date last seen Copy number Koha item type
  Dewey Decimal Classification   Not For Loan Non-fiction Central Library, University of Rajshahi Central Library, University of Rajshahi Reading Room 05/01/2019   587 SPM 1968 05/01/2019 C-1 Books